1558 1087 1765 1779 1279 1334 1944 1135 1004 1032 1698 1123 1187 1112 1362 1083 1462 1233 1104 1626 1055 1861 1933 1123 1030 1882 1891 1434 1239 1271 1460 1520 1524 1149 1766 1011 1735 1820 1869 1605 1098 1626 1491 1066 1605 1331 1691 1988 1605 1844 1912 1191 1728 1315 1955 1494 1406 1041 1179 1627 1444 1850 1810 1351 1975 1785 1050 1533 1988 1374 1768 1995 1988 1070 1143 1951 1656 1723 1638 1879 1268 1498 1639 1097 1879 1568 1339 1820 1599 1493 1587 1328 1245 1708 1124 1495 1250 1713 1023 BCNSPRNW ULIB Ver.6.0+V

เปลี่ยนเป็นภาษาไทย

Change to English
 แสดงรายละเอียดบรรณานุกรม
  กลับหน้าหลัก

Brief Record : Get Marc (ISO 2709) : E-mail record : QR code < ปิดหน้าต่าง
LEADER : 00000nam 2200000uu 4500
001    13399127683
003     ULIB
008    210419s2562||||th 000 0 tha d
020 ^  ^a9786160036257
050 ^  ^aนว^bท165ส
100 0  ^aทรายชมพู.
245 1  ^aเสน่ห์ร้ายเพทุบายรัก /^cทรายชมพู.
250 ^  ^aพิมพ์ครั้งที่ 1.
260 ^  ^aกรุงเทพฯ :^bSugar Beat,^c2562.
300 ^  ^a504 หน้า ;^c21 ซม.
650 ^  ^aนวนิยายไทย.
945    ^p350^l0^i28869
999    ^aกัณชพร จุลอักษร
รายการนี้ยังไม่มีแท็ก
คุณยังไม่ได้ล็อกอิน คุณสามารถมีกิจกรรมร่วมกับเว็บไซต์ได้ แต่ต้องล็อกอินก่อน ::
  ล็อกอิน

รายการสื่อสารสนเทศ

ลำดับที่ ประเภท เลขเรียก/บาร์โค้ด สถานที่ สถานะ
1. วิทยาศาสตร์การแพทย์ และสุขภาพ
วิทยาศาสตร์การแพทย์ และสุขภาพ
นว ท165ส ฉ.1 
  Barcode: 28869
ห้องสมุดวิทยาเขตนครสวรรค์
►นวนิยาย:l:Fiction
บนชั้น

รายการใกล้เคียง
    ผู้แต่ง [ทรายชมพู.]

    หัวเรื่อง [นวนิยายไทย.]

BibComment


ยังไม่เคยถูกคอมเมนท์

คอมเมนท์ทรัพยากรรายการนี้
  คอมเมนท์: เสน่ห์ร้ายเพทุบา..


 Copyright 2026. Bcnsprnw @Library